00547nam a22001697a 4500003000900000008004100009040007100050082002300121100002100144245004500165260003300210300004500243505003400288650002200322650001500344650001800359AR-CdUCM190506b ||||| |||| 00| 0 spa d aMUNICIPALIDAD PROVINCIAL DEL CUSCOcBIBLIOTECA MUNICIPAL DEL CUSCO 24eda466.9 /bA426 aAlonso, Martín aCiencia del lenguaje y arte del estilo / aMadrid :bM. Aguilar,c1958. a1502 páginas ;bIlustraciones,c22 cm. aContenido: Lengua española. aLengua española aRetórica aEstilística